| 000 | 00354nam a2200133Ia 4500 | ||
|---|---|---|---|
| 008 | 150202s9999 xx 000 0 und d | ||
| 020 | _a749707232 | ||
| 050 |
_aFIC _bFIC |
||
| 100 | _aDe Saint-Exupery. | ||
| 245 | 4 |
_aThe little prince / _cExupery De Saint. |
|
| 260 |
_aLondon : _bMammoth, _c1991. |
||
| 300 |
_a87 pages : _c20 cm. |
||
| 650 | _aFiction. | ||
| 999 |
_c281976 _d281976 |
||